Statistics for Present-Day Country By Former Country

Click here to take the quiz!

General Stats

  • This quiz has been taken 547 times
  • The average score is 14 of 15

Answer Stats

Former CountryPresent-Day Country% Correct
Soviet UnionRussia
100%
ScotlandUnited Kingdom
98%
North VietnamVietnam
98%
CzechoslovakiaCzech Republic & Slovakia
98%
TexasUnited States
97%
Ottoman EmpireTurkey
97%
TibetChina
95%
Incan EmpirePeru
94%
Aztec EmpireMexico
94%
NewfoundlandCanada
94%
PrussiaGermany
91%
SiamThailand
89%
ZaireDemocratic Republic of the Congo
88%
British HondurasBelize
74%
Orange Free StateSouth Africa
68%

Score Distribution

Percentile by Number Answered

Percent of People with Each Score

Your Score History

You have not taken this quiz